000 00701nam a2200229 a 4500
003 DO-SdBNP
005 20260313093410.0
007 ta
008 220517e1996 dr a|||| |||| 001 0dspa d
040 _aDO-SdBNP
_bspa
_cBNPHU
082 4 _222
_bC824p
245 1 0 _aPsico-astrología vivencial:
_b..cómo, qué y cuándo... /
_cBrenda Valentín
260 _aSanto Domingo :
_bTalleres Gráficos IDEGRAF,
_c1996
500 _aIncluye glosario de términos
504 _aBibliografía: 365- 368
590 _aInventariado 2022 / MF
650 4 _aAstrología
_zRepública Dominicana
_981633
650 4 _913119
_aZodíaco
650 0 _aCiencias políticas
_92426
910 _aMELIZ
942 _2ddc
_cLBS1
999 _c51745
_d51745